Introduction to communications technologies : A guide for non-engineers

Bibliographic Details
Main Author: Jones, Stephen
Other Authors: Kovac, Ron
Format: Book
Published: Boca raton : Auerbach publications , 2003
Subjects:

MARC

LEADER 00000cam a2200000 7i4500
001 0000013534
005 20050615.0
020 |a 0849312663 
040 |a INS 
090 0 0 |a TK5101   |b J66 2002 
100 1 |a Jones, Stephen 
245 1 0 |a Introduction to communications technologies :   |b A guide for non-engineers   |c Stephen Jones 
260 |a Boca raton :   |b Auerbach publications ,   |c 2003 
300 |a v :   |b 258p ;   |c 26cm. 
650 0 0 |a Telecomunication 
700 1 |a Kovac, Ron 
999 |a 0000014080   |b BOOK   |c Open Shelf   |e Default branch